| 000 | 00666nam a2200193 a 4500 | ||
|---|---|---|---|
| 001 | 000026095 | ||
| 005 | 20240301073829.0 | ||
| 008 | 110301s1985 dr a 000 0 spa d | ||
| 040 |
_aDO-SdBNP _bspa _cBNPHU |
||
| 082 |
_a972.93054 _bR136r |
||
| 100 | 1 |
_aRaful, Tony, _d1951- _91377 |
|
| 245 | 1 | 3 |
_aLa Revolución de Abril 1965 / _cTony Raful. |
| 260 |
_aSanto Domingo : _bEditorial Santo Domingo, _c1985. |
||
| 300 |
_a253 p. : _bil., retrs. ; _c21 cm. |
||
| 651 | 4 |
_aRepública Dominicana _xHistoria _yREVOLUCIÓN 1965 _92167 |
|
| 651 | 4 |
_aRepública Dominicana _xHistoria _yGOLPE DE ESTADO, 1963 _934712 |
|
| 910 | _aValidado. Control de calidad BNPHU | ||
| 049 | _aBNPD | ||
| 999 |
_c25587 _d25587 |
||